| 000 | 01062cam a2200217 4500 | ||
|---|---|---|---|
| 001 | WB3818-07 | ||
| 008 | 020514n2002 000 0 eng u | ||
| 035 | _a(Sirsi) u117954 | ||
| 245 | _aFMB points to healthy work levels | ||
| 260 | _c2002 | ||
| 490 |
_aFMB Press Release _v 24 April 2002, (3) |
||
| 520 | _aFigures from Federation of Master Builders report 'State of Industry Survey' that for the eleventh successive quarter the workloads of small and medium sized businesses have increased ahead of industry expectations. 44% of respondents indicated that their workload was higher in the first quarter of 2002 than in the last three months of 2001.Yorkshire, Wales and Scotland experienced the highest increases. For the full press release: http://www.fmb.org.uk/publications/fmbnews/230402.asp | ||
| 590 | _aWB | ||
| 650 | _aFEDERATION OF MASTER BUILDERS | ||
| 650 | _aSTATE OF INDUSTRY SURVEY | ||
| 650 | _aSMALL BUSINESSES | ||
| 650 | _aBUILDING WORKERS | ||
| 650 | _aRMI MARKET | ||
| 690 | _aBUILDING AND CONSTRUCTION-PROJECTS | ||
| 942 | _n0 | ||
| 999 |
_c70245 _d70245 |
||